000 00313cam a22001217a 4500
008 180718b1960 xxu||||| |||| 00| 0 eng d
082 _aT20651 Ez39
100 _aEzhov, A.I.
245 _aIndustrial statistics
_cby A.I. Ezhov
260 _aBombay
_bAsia
_c1960
300 _a322p.
650 _aIndustry - Statistics
999 _c365082
_d365082